| 000 | 01054nam a22002537a 4500 | ||
|---|---|---|---|
| 999 |
_c65576 _d65576 |
||
| 005 | 20240530110832.0 | ||
| 008 | s2002 ua ah f 000 0 ara d | ||
| 017 |
_a2002/19336 _bمصر. دار الكتب |
||
| 020 | _a9774247930 | ||
| 040 |
_aEG-CaGPL _cEG-CaGPL |
||
| 082 |
_221 _a069.0962 _bق/ ز ك |
||
| 100 | 0 | _aزاهى حواس | |
| 245 | 1 | 2 |
_aالكنوز الخفية بالمتحف المصرى : _bمائة قطعة هامة من المعرض المئوى / _cزاهى حواس ؛ مصوركينيث جارت ؛ تقديم فاروق حسنى |
| 250 | _aط.1 | ||
| 260 |
_aالقاهرة : _bالمجلس الاعلى للثقافة، _c2002 |
||
| 300 |
_a111 ص. : _bصور لو. ؛ _c26 سم . |
||
| 650 | 0 | 7 |
_2qrmak _aالمتحف المصرى |
| 651 | 0 | 7 |
_2qrmak _aمصر _xتاريخ _yالعصر اليوناني |
| 651 | 0 | 7 |
_aمصر _xتاريخ _yالعصر الرومانى |
| 700 | 0 |
_aفاروق حسنى _eتقديم |
|
| 700 | 0 |
_aكينيث جارت _eتصوير |
|
| 942 |
_2ddc _cBK |
||